Statistiken für Größte Städte Australiens

Klicken Sie hier um das Quiz zu spielen!

Allgemein

  • Dieses Quiz wurde 37 mal gespielt
  • Das Durchschnittsergebnis liegt bei 7 aus 10

Antwortstatistiken

EinwohnerzahlStadt% Korrekt
4.698.656Sydney
100%
4.585.537Melbourne
94%
2.043.762Perth
94%
490.181Canberra
86%
1.245.011Adelaide
83%
2.287.896Brisbane
75%
671.386Gold Coast
47%
348.539Newcastle
39%
284.131Sunshine Coast
22%
325.255Central Coast
19%

Verteilung der Resultate

Perzentil nach korrekt beantworteten Fragen

Anzahl Personen mit jedem Resultat

Ihre Resultats-Entwicklung

Sie haben dieses Quiz noch nicht gespielt